01017nam a2200253 a 4500001001000000003000900010005001700019008004100036020001800077040002500095082002100120100003200141245012100173260003800294300003600332490001300368500007000381500007300451600006500524650003000589651006000619700003500679710004900714000043548DO-SdBNP20260305073956.0140325s2012 dr ac 000 0 spa d a9789945412611 aDO-SdBNPbspacBNPHU 4a923.2bF363a2221 aFernández, Leonel,d1953-10aAños de formación :bescritos políticos de Vanguardia /cLeonel Fernández ; editor Rafael Martínez Alés. aSanto Domingo :bFUNGLODE,c2012. a300 p. :bil., retrs. ;c23 cm.0 aFUNGLODE aIncluye datos biográficos del autor en la solapa de la cubierta aIncluye referencias bibliográficas y notas al pie de las páginas14aFernandez, Leonel, d1953-xPensamiento político y social  4aPolítica mundialy1965- 4aRepública DominicanaxPolítica y gobiernoySiglo XX12aMartínez Alés, Rafaeleed.2 aFundación Global Democracía y Desarrollo